| 000 | 00476cam a22002171 4500 | ||
|---|---|---|---|
| 001 | sa 64004674 | ||
| 003 | DLC | ||
| 005 | 20260227112027.0 | ||
| 008 | 890911s1963 ii 000 0 hino | ||
| 010 | _asa 64004674 | ||
| 035 | _a(OCoLC)20324333 | ||
| 040 |
_aDLC _cWaU _dDLC |
||
| 042 | _apremarc | ||
| 050 | 0 | 0 |
_aHQ23 _b.Y2 |
| 100 | 0 | _aYaksha. | |
| 245 | 1 | 0 | _aYauna-śāstra. |
| 260 | _c[1963] | ||
| 300 |
_a256 p. _c22 cm. |
||
| 500 | _aIn Hindi. | ||
| 650 | 0 | _aSex. | |
| 999 |
_c58682 _d58682 |
||